Sleeping Beauty (Disney) - Statistics

General Stats
  • This quiz has been taken 647 times
  • The average score is 8 of 19
Answer Stats
Hint Answer % Correct
Princess Aurora
97%
Villain Maleficent
84%
Prince Prince Phillip
76%
Fairies Flora
74%
Fauna
71%
Once Upon a Dream
68%
Merryweather
62%
Year of release 1959
48%
Kings King Stefan
44%
Disney parks with Sleeping Beauty's Castle Disneyland
35%
Disneyland Paris
29%
King Hubert
26%
I Wonder
23%
Voice of ^ Mary Costa
18%
Songs Hail to the Princess Aurora
16%
Voice of ^ Eleanor Audley
15%
Hong Kong Disneyland
12%
Skumps
9%
The Gifts of Beauty and Song
7%
No matching quizzes found
Score Distribution
Percent of People with Each Score
Percentile by Number Answered
Your Score History
You have not taken this quiz